| 000 | 00429nam a22001577a 4500 | ||
|---|---|---|---|
| 003 | OSt | ||
| 005 | 20221007212916.0 | ||
| 008 | 221007b |||||||| |||| 00| 0 eng d | ||
| 040 | _cBiblioteca Lado V | ||
| 082 |
_a779 _bK92p |
||
| 100 |
_aKreuter, Delphine _eautor |
||
| 245 | _aForce Protection/ | ||
| 260 |
_aFrancia _bHerliya Museum Art _c2001 |
||
| 300 |
_a87p. _c21x27cm |
||
| 942 |
_2ddc _c1 _h779 _iK92p _n0 |
||
| 999 |
_c2258 _d2258 |
||